| 000 | 00374nam a2200157Ia 4500 | ||
|---|---|---|---|
| 008 | 210716s2003 xx 000 0 und d | ||
| 020 | _a8176357073 | ||
| 041 | _aeng | ||
| 082 | _a004.65 HARM | ||
| 100 | _aHarwood, Mike. | ||
| 245 | _aExam cram 2 network+. | ||
| 250 | _a1 | ||
| 260 |
_aNew Delhi _bTechmedia _c2003 |
||
| 300 | _axxxi,444 | ||
| 650 | _aComputer Networks | ||
| 999 |
_c186034 _d186034 |
||